| 000 | 01530cam a2200409Mi 4500 | ||
|---|---|---|---|
| 999 |
_c4662 _d4662 |
||
| 001 | .b25932202 | ||
| 003 | OCoLC | ||
| 005 | 20250307085637.0 | ||
| 008 | 161125s2013 enk 000 1 eng d | ||
| 020 |
_a9780007350841 _q(pbk.) |
||
| 020 |
_a0007350848 _q(pbk.) |
||
| 035 | _a(OCoLC)880604143 | ||
| 040 |
_aTAC _beng _erda _cTAC _dOCLCO _dOCLCF _dOCLCA _dBKL _dOCLCO _dOCLCQ _dRDI _dKH8 |
||
| 042 | _anbic | ||
| 082 | 0 | 4 |
_a823.5 DEF _223 |
| 100 | 1 |
_aDefoe, Daniel, _d1661-1731, _eauthor. |
|
| 245 | 1 | 0 |
_aRobinson Crusoe / _cDaniel Defoe. |
| 260 | _c2013. | ||
| 264 | 1 |
_aHammersmith, London : _bHarperPress, an imprint of Harper Collins Publishers, _c2013. |
|
| 300 |
_aviii, 290 pages ; _c18 cm. |
||
| 336 |
_atext _btxt _2rdacontent. |
||
| 337 |
_aunmediated _bn _2rdamedia. |
||
| 338 |
_avolume _bnc _2rdacarrier. |
||
| 490 | 0 | _aCollins classics. | |
| 520 | _aOn a desolate tropical island, a shipwrecked British seaman tries to master his hostile environment and remain civilized. | ||
| 650 | 0 |
_aCrusoe, Robinson (Fictitious character) _vFiction. |
|
| 650 | 0 |
_aShipwreck survival _vFiction. |
|
| 650 | 0 |
_aCastaways _vFiction. |
|
| 650 | 0 |
_aIslands _vFiction. |
|
| 650 | 7 |
_aCastaways. _2fast _0(OCoLC)fst00848392. |
|
| 650 | 7 |
_aCrusoe, Robinson (Fictitious character) _2fast _0(OCoLC)fst00884438. |
|
| 650 | 7 |
_aIslands. _2fast _0(OCoLC)fst00980104. |
|
| 650 | 7 |
_aShipwreck survival. _2fast _0(OCoLC)fst01761960. |
|
| 655 | 7 |
_aFiction. _2fast _0(OCoLC)fst01423787. |
|
| 655 | 7 |
_aAdventure fiction. _2gsafd. |
|
| 942 |
_2ddc _cNFIC |
||